Cuentos sobrecogedores: antología
Αποθηκεύτηκε σε:
| Μορφή: | Βιβλίο |
|---|---|
| Γλώσσα: | Ισπανικά |
| Έκδοση: |
Santiago
Andrés Bello
1999
|
| Έκδοση: | 1a. ed |
| Θέματα: | |
| Ετικέτες: |
Προσθήκη ετικέτας
Δεν υπάρχουν, Καταχωρήστε ετικέτα πρώτοι!
|
MARC
| LEADER | 00000nam a2200000 a 4500 | ||
|---|---|---|---|
| 001 | UCG0161 | ||
| 003 | CL-VaPUC | ||
| 008 | 100312e19990000CL |||||||||||||||||spa|d | ||
| 020 | |a 8489691533 | ||
| 082 | 0 | 4 | |a 808.83 |b CUE |2 21 |
| 245 | 1 | 0 | |a Cuentos sobrecogedores: antología |
| 250 | |a 1a. ed | ||
| 300 | |a 196 p | ||
| 942 | |c BK | ||
| 945 | |d 20100312 00:00:00 |a cmena | ||
| 260 | |a Santiago |b Andrés Bello |c 1999 | ||
| 650 | 0 | |a Cuentos |9 308079 | |
| 650 | 0 | |a Antologías |9 309836 | |
| 650 | 7 | |a TERROR |2 CL-VaPUC |9 505575 | |
| 650 | 7 | |a SUSPENSO |2 CL-VaPUC |9 522388 | |
| 583 | |a last modification |c 20121105 03:57:30 |k Rodrigo Vera | ||
| 999 | |c 339908 |d 339906 | ||